APPLYING CALCULUS IN THE ECONOMIC AND LIFE SCIENCE (Record no. 575373)
[ view plain ]
| 000 -LEADER | |
|---|---|
| fixed length control field | 00368nam a22001337a 4500 |
| 020 ## - INTERNATIONAL STANDARD BOOK NUMBER | |
| International Standard Book Number | 0-534-08850-3 |
| 082 ## - DEWEY DECIMAL CLASSIFICATION NUMBER | |
| Classification number | 515.1 SEN'A |
| 100 ## - MAIN ENTRY--PERSONAL NAME | |
| Personal name | SENTILLES, D |
| 9 (RLIN) | 67643 |
| 245 ## - TITLE STATEMENT | |
| Title | APPLYING CALCULUS IN THE ECONOMIC AND LIFE SCIENCE |
| 260 ## - PUBLICATION, DISTRIBUTION, ETC. | |
| Place of publication, distribution, etc. | CALIFORNIA |
| Name of publisher, distributor, etc. | WADSWORTH |
| Date of publication, distribution, etc. | 1989 |
| 300 ## - PHYSICAL DESCRIPTION | |
| Extent | XIII, 703P |
| 650 ## - SUBJECT ADDED ENTRY--TOPICAL TERM | |
| Topical term or geographic name entry element | BIOMATHEMATICS ECONOMATRICS CALCULUS |
| 9 (RLIN) | 67644 |
| 942 ## - ADDED ENTRY ELEMENTS (KOHA) | |
| Koha item type | Book |
| Withdrawn status | Lost status | Damaged status | Not for loan | Permanent Location | Current Location | Shelving location | Date acquired | Total Checkouts | Full call number | Barcode | Date last seen | Price effective from | Koha item type |
|---|---|---|---|---|---|---|---|---|---|---|---|---|---|
| College of Electrical & Mechanical Engineering (CEME) | College of Electrical & Mechanical Engineering (CEME) | General Stacks | 08/01/2017 | 515.1 SEN'A | CEME-27806 | 06/28/2021 | 06/28/2021 | Book |
